[Event "IV Memorial Salvatore Nobile"]
[Site "Roma ITA"]
[Date "2011.02.10"]
[Round "5"]
[White "Cannavo', Giuseppe"]
[Black "Tamburrini, Andrea"]
[Result "0-1"]
[WhiteElo "1317"]
[BlackElo "1505"]
[PlyCount "64"]
[EventDate "2011.01.13"]

1. e4 e5 2. Nc3 Nc6 3. Nf3 Nf6 4. a3 d6 5. h3 Be7 6. Bc4 O-O 7. Ba2 Be6 8. d3
d5 9. Qe2 d4 10. Nd1 Bxa2 11. Rxa2 Bd6 12. O-O Qe7 13. c3 Qe6 14. c4 h6 15. b3
Rab8 16. b4 b5 17. c5 Be7 18. Rb2 a5 19. Bd2 axb4 20. axb4 Ra8 21. Qe1 Ra2 22.
Kh1 Rxb2 23. Nxb2 Qb3 24. Qc1 Ra8 25. Bxh6 gxh6 26. Qxh6 Ra2 27. Qg5+ Kf8 28.
Qh6+ Ke8 29. Nd1 Qxd3 30. Kg1 Ra1 31. Qd2 Qxd2 32. Nxd2 Nxb4 0-1

[Event "IV Memorial Salvatore Nobile"]
[Site "Roma ITA"]
[Date "2011.02.23"]
[Round "6"]
[White "Quimi, Marco"]
[Black "Minikh, Edouard"]
[Result "1-0"]
[WhiteElo "2114"]
[BlackElo "1920"]
[PlyCount "51"]
[EventDate "2011.01.13"]

1. e4 e5 2. Nf3 Nf6 3. d4 exd4 4. e5 Nd5 5. Qxd4 Nb6 6. Nc3 Nc6 7. Qf4 Be7 8.
Bd3 d6 9. O-O dxe5 10. Nxe5 Nxe5 11. Qxe5 O-O 12. Re1 Bf6 13. Qe4 g6 14. Bh6
Bg7 15. Bxg7 Kxg7 16. h4 h5 17. Rad1 Qf6 18. a4 Bg4 19. f3 Be6 20. Qxb7 Qd4+
21. Kf1 Qxh4 22. Qxc7 Rad8 23. Rxe6 Qh1+ 24. Kf2 Qh4+ 25. Kg1 Qd4+ 26. Kf1 1-0

[Event "IV Memorial Salvatore Nobile"]
[Site "Roma ITA"]
[Date "2011.02.23"]
[Round "6"]
[White "Marta, Daniele"]
[Black "Castellano, Lorenzo"]
[Result "1-0"]
[WhiteElo "2051"]
[BlackElo "1874"]
[PlyCount "57"]
[EventDate "2011.01.13"]

1. d4 d5 2. c4 c6 3. Nf3 Nf6 4. Nc3 e6 5. Bg5 h6 6. Bh4 g5 7. Bg3 dxc4 8. e3 b5
9. h4 g4 10. Ne5 h5 11. Be2 Bb7 12. f3 Bd6 13. O-O Bxe5 14. dxe5 Qxd1 15. Raxd1
Nd5 16. Ne4 Ke7 17. Nd6 Ba6 18. fxg4 Rh7 19. Bf4 hxg4 20. Bg5+ Kf8 21. Bxg4 Nc7
22. Ne4 f5 23. Rd8+ Kf7 24. Nd6+ Kg6 25. Rg8+ Rg7 26. Rh8 Rh7 27. h5+ Kxg5 28.
Rxh7 fxg4 29. g3 1-0

[Event "IV Memorial Salvatore Nobile"]
[Site "Roma ITA"]
[Date "2011.02.23"]
[Round "6"]
[White "Catalini, Giampiero"]
[Black "Luigi, Rinaldo"]
[Result "1-0"]
[WhiteElo "1953"]
[BlackElo "1766"]
[PlyCount "120"]
[EventDate "2011.01.13"]

1. d4 Nf6 2. Nf3 g6 3. Bf4 d5 4. e3 Bg7 5. Be2 O-O 6. O-O Nc6 7. Nbd2 Nh5 8.
Bg5 h6 9. Bh4 g5 10. Ne1 Nf6 11. Bg3 Bf5 12. Nd3 b6 13. Nf3 Ne4 14. Rc1 Nxg3
15. hxg3 Qd6 16. c4 dxc4 17. Rxc4 Be6 18. Ra4 a5 19. Nc1 Rfd8 20. Nd2 Rab8 21.
Ne4 Qd5 22. Nc3 Qd7 23. Bb5 Qd6 24. Qf3 Na7 25. Bd3 g4 26. Qe2 h5 27. Ne4 Qc6
28. b3 Qd5 29. Nc3 Qd6 30. Bc4 Bd7 31. Ne4 Qg6 32. Bd3 Bxa4 33. bxa4 Qh6 34.
Nb3 Nc6 35. Rc1 Rbc8 36. Ba6 Rb8 37. Bb5 Nb4 38. Rxc7 Qe6 39. f3 Rbc8 40. Bc4
Nd5 41. Rb7 Qc6 42. Bxd5 Rxd5 43. Rxe7 Rd7 44. Rxd7 Qxd7 45. Qa6 gxf3 46. gxf3
Qe6 47. d5 Qf5 48. Nd6 Qb1+ 49. Qf1 Qxf1+ 50. Kxf1 Rd8 51. Nf5 Kf8 52. e4 Bc3
53. Ke2 f6 54. Kd3 Be1 55. Nbd4 Kf7 56. Ne2 Bf2 57. Nf4 Rh8 58. Nd6+ Kg7 59.
Ke2 Bxg3 60. Nf5+ Kf7 1-0

[Event "IV Memorial Salvatore Nobile"]
[Site "Roma ITA"]
[Date "2011.02.23"]
[Round "6"]
[White "Ricci, Stefano"]
[Black "Bolla, Vittorio"]
[Result "1-0"]
[WhiteElo "1518"]
[BlackElo "1782"]
[PlyCount "89"]
[EventDate "2011.01.13"]

1. e4 e6 2. d4 d5 3. e5 c5 4. c3 Nc6 5. Nf3 Qb6 6. Bd3 cxd4 7. cxd4 Bd7 8. a3
Nxd4 9. Nxd4 Qxd4 10. Qe2 Qb6 11. O-O Rc8 12. Kh1 Ne7 13. Nd2 Nf5 14. Nf3 Be7
15. Bxf5 exf5 16. Be3 Bc5 17. Bxc5 Rxc5 18. b4 Rc4 19. Rfd1 Be6 20. Ng5 h6 21.
Nxe6 fxe6 22. Qh5+ Kf8 23. Rac1 Qc7 24. Rxc4 Qxc4 25. Qg6 Qg4 26. Qxg4 fxg4 27.
Rc1 Kf7 28. Rc7+ Kg6 29. Rxb7 Rc8 30. g3 Rd8 31. Kg1 d4 32. Kf1 Rd5 33. Ke2
Rxe5+ 34. Kd2 Rd5 35. Rxa7 Kf6 36. Ra5 Rd6 37. b5 e5 38. Ra6 Ke6 39. a4 Kd7 40.
Ra7+ Kc8 41. a5 g5 42. b6 Kb8 43. Re7 Rd5 44. a6 Kc8 45. Rc7+ 1-0

[Event "IV Memorial Salvatore Nobile"]
[Site "Roma ITA"]
[Date "2011.02.23"]
[Round "6"]
[White "Condemi De Felice, Alfonso"]
[Black "Di Carlo, Adriano"]
[Result "1/2-1/2"]
[WhiteElo "1904"]
[BlackElo "1765"]
[PlyCount "95"]
[EventDate "2011.01.13"]

1. b3 d5 2. Bb2 Nf6 3. Nf3 Nc6 4. e3 a6 5. d4 Bf5 6. Bd3 Bxd3 7. Qxd3 e6 8. O-O
Bd6 9. c4 Nb4 10. Qe2 c5 11. a3 Nc6 12. dxc5 Bxc5 13. b4 Be7 14. c5 b6 15. cxb6
Qxb6 16. Nc3 O-O 17. Rfd1 Rfc8 18. Na4 Qa7 19. Rac1 Nd7 20. Nd4 Nce5 21. e4 Nc4
22. exd5 Nxb2 23. Nc6 Rxc6 24. dxc6 Nxd1 25. cxd7 Qxd7 26. Nb6 Nc3 27. Rxc3 Qd4
28. Rc8+ Rxc8 29. Nxc8 Bf8 30. Qxa6 Qa1+ 31. Qf1 Qxa3 32. Nb6 Qxb4 33. Nc4 g5
34. g4 f5 35. gxf5 exf5 36. Ne3 Qe4 37. Qc4+ Qxc4 38. Nxc4 Kg7 39. Kg2 f4 40.
Ne5 h5 41. h3 Bd6 42. Nc4 Bc7 43. f3 Kf6 44. Nd2 Kf5 45. Nf1 g4 46. hxg4+ hxg4
47. fxg4+ Kxg4 48. Nh2+ 1/2-1/2

[Event "IV Memorial Salvatore Nobile"]
[Site "Roma ITA"]
[Date "2011.02.23"]
[Round "6"]
[White "Bogosaljevic, Miodrag"]
[Black "Andreozzi, Paolo"]
[Result "1/2-1/2"]
[WhiteElo "1898"]
[BlackElo "1718"]
[PlyCount "85"]
[EventDate "2011.01.13"]

1. e4 c5 2. Nf3 e6 3. d4 cxd4 4. Nxd4 d6 5. c4 a6 6. Nc3 Nc6 7. Nf3 Be7 8. Be2
Nf6 9. O-O O-O 10. Bg5 Qc7 11. Rc1 h6 12. Bf4 g5 13. Be3 Ng4 14. Qd2 Nxe3 15.
Qxe3 Qa5 16. h3 Rd8 17. a3 Qc5 18. Qd2 Bd7 19. Nd5 exd5 20. cxd5 Qb6 21. dxc6
Bxc6 22. Bc4 Bf6 23. b4 Bxe4 24. Bd5 Bg6 25. Rc4 Rac8 26. Rfc1 Rxc4 27. Rxc4
Qb5 28. Rc7 Qa4 29. Qa2 Rf8 30. Rxb7 Qd1+ 31. Kh2 h5 32. Qc4 Be5+ 33. Nxe5 dxe5
34. Rd7 Qa4 35. Rd6 Kg7 36. Rxa6 Qd7 37. Qc6 Qf5 38. Qc5 Rc8 39. Rc6 Rd8 40.
Rd6 Rxd6 41. Qxd6 Qf4+ 42. Kg1 Qc1+ 43. Kh2 1/2-1/2

[Event "IV Memorial Salvatore Nobile"]
[Site "Roma ITA"]
[Date "2011.02.23"]
[Round "6"]
[White "Palocci, Claudio"]
[Black "Chianura, Mimmo"]
[Result "1-0"]
[WhiteElo "1580"]
[BlackElo "1667"]
[PlyCount "97"]
[EventDate "2011.01.13"]

1. e4 e5 2. Nf3 Nc6 3. Bb5 a6 4. Bxc6 dxc6 5. d4 exd4 6. Qxd4 Qxd4 7. Nxd4 Bc5
8. Be3 Bb6 9. Nc3 Ba5 10. Nde2 Nf6 11. f3 Be6 12. Kf2 O-O-O 13. Rhd1 Rd7 14.
Rxd7 Nxd7 15. Rd1 Ne5 16. b3 f6 17. h3 h5 18. Na4 Bb4 19. Bc5 Bxc5+ 20. Nxc5
Re8 21. Nxe6 Rxe6 22. Nf4 Re7 23. Nxh5 c5 24. Nf4 Nc6 25. c3 b5 26. Rd5 Re5 27.
Ke3 Rxd5 28. Nxd5 Kd7 29. h4 b4 30. cxb4 cxb4 31. h5 a5 32. f4 Nd8 33. h6 gxh6
34. Nxf6+ Ke6 35. e5 c5 36. g4 c4 37. bxc4 a4 38. Nd5 b3 39. axb3 axb3 40. Nc3
Nc6 41. Na4 Nb4 42. Nb2 Nc2+ 43. Ke4 Na3 44. f5+ Ke7 45. Kd5 Nc2 46. f6+ Kf7
47. e6+ Kxf6 48. Kd6 Nd4 49. e7 1-0

[Event "IV Memorial Salvatore Nobile"]
[Site "Roma ITA"]
[Date "2011.02.23"]
[Round "6"]
[White "Dorascenzi, Angelo"]
[Black "Casella, Carlo"]
[Result "0-1"]
[WhiteElo "1404"]
[BlackElo "1691"]
[PlyCount "74"]
[EventDate "2011.01.13"]

1. e4 c5 2. Nf3 a6 3. d4 cxd4 4. Nxd4 e5 5. Nf3 Nc6 6. Nc3 Bb4 7. Bd2 Nf6 8.
Bd3 d6 9. h3 h6 10. a3 Bc5 11. O-O O-O 12. Re1 b5 13. b4 Ba7 14. Nb1 Be6 15.
Bc3 Rc8 16. Bb2 Ne7 17. a4 Qb6 18. Qe2 bxa4 19. Rxa4 Bb8 20. Bxa6 Rc7 21. Nc3
Bd7 22. Bb5 Bxb5 23. Qxb5 Qxb5 24. Nxb5 Rxc2 25. Ra2 Rd8 26. Rd1 Nc6 27. Na3
Re2 28. Rd2 Rxe4 29. Nc2 Bc7 30. b5 Nb4 31. Nxb4 Rxb4 32. Rc2 Bb6 33. Ba3 Rxb5
34. Rc6 e4 35. Nh4 Bc5 36. Nf5 Bxa3 37. Rxa3 Rxf5 0-1

[Event "IV Memorial Salvatore Nobile"]
[Site "Roma ITA"]
[Date "2011.02.23"]
[Round "6"]
[White "Denozza, Mauro"]
[Black "Crucioli, Marco"]
[Result "1/2-1/2"]
[WhiteElo "1672"]
[BlackElo "1592"]
[PlyCount "64"]
[EventDate "2011.01.13"]

1. d4 d6 2. Nf3 Nd7 3. e3 e5 4. Bd3 Ne7 5. Nbd2 Ng6 6. c3 Be7 7. O-O O-O 8. Re1
a5 9. e4 c6 10. a4 Rb8 11. dxe5 dxe5 12. b3 Nc5 13. Bf1 Nd3 14. Bxd3 Qxd3 15.
Bb2 Bg4 16. Re3 Qd7 17. Nc4 Qc7 18. Qc2 Rbd8 19. Rd1 Rxd1+ 20. Qxd1 Nh4 21. Rd3
Re8 22. Ncxe5 Nxf3+ 23. Nxf3 Bc5 24. c4 g6 25. h3 Be6 26. Nd4 Bc8 27. Nf5 Bxf5
28. exf5 Qf4 29. Bd4 Bxd4 30. Rxd4 Qxf5 31. Rd8 Qe6 32. Rxe8+ Qxe8 1/2-1/2

[Event "IV Memorial Salvatore Nobile"]
[Site "Roma ITA"]
[Date "2011.02.23"]
[Round "6"]
[White "Tamburrini, Andrea"]
[Black "Arceri, Paolo"]
[Result "0-1"]
[WhiteElo "1505"]
[BlackElo "1464"]
[PlyCount "88"]
[EventDate "2011.01.13"]

1. d4 d5 2. Nf3 g6 3. e3 Bg7 4. c4 e6 5. c5 c6 6. Nc3 Nf6 7. Bd3 a5 8. a4 O-O
9. O-O Qc7 10. e4 dxe4 11. Nxe4 Nxe4 12. Bxe4 Rd8 13. Be3 e5 14. Qd2 Bg4 15. d5
cxd5 16. Rad1 d4 17. Bg5 f6 18. Bh6 Nc6 19. Bxg7 Kxg7 20. h3 Be6 21. g4 Bb3 22.
Bc2 Bxc2 23. Qxc2 Nb4 24. Qe4 Rd5 25. Rc1 Rad8 26. Rfd1 d3 27. Rd2 R8d7 28. Qc4
Qc6 29. Qb5 Qc7 30. Qb6 e4 31. Qxc7 Rxc7 32. Ne1 Rdxc5 33. Rxc5 Rxc5 34. Kf1
Nc2 35. f3 Nxe1 36. Kxe1 Rc1+ 37. Kf2 Rc2 38. Ke3 Rxd2 39. Kxd2 f5 40. g5 Kf7
41. f4 Ke6 42. b3 Kd5 43. Kc3 Kc5 44. h4 b6 0-1

[Event "IV Memorial Salvatore Nobile"]
[Site "Roma ITA"]
[Date "2011.02.23"]
[Round "6"]
[White "Nazzarri, Errico"]
[Black "Cannavo', Giuseppe"]
[Result "1-0"]
[WhiteElo "1362"]
[BlackElo "1317"]
[PlyCount "65"]
[EventDate "2011.01.13"]

1. e4 Nc6 2. Nc3 e5 3. Nf3 d6 4. d3 Nf6 5. Be2 d5 6. O-O d4 7. Nb5 a6 8. Na3
Bc5 9. Bg5 O-O 10. Nc4 b5 11. Ncxe5 Nxe5 12. Nxe5 Qd6 13. Bf4 Qb6 14. Ng4 Bb7
15. Bf3 Nxg4 16. Bxg4 f6 17. Bf5 Rfe8 18. Qh5 h6 19. Bxh6 gxh6 20. Qxh6 Re7 21.
f4 Rg7 22. Rf3 Bf8 23. Rg3 Kf7 24. Rxg7+ Bxg7 25. Qg6+ Kf8 26. Bg4 Qc6 27. Bh5
Qd7 28. Qh7 Rd8 29. h3 Qd6 30. Qf5 Qc6 31. Rc1 Rd7 32. Qg6 b4 33. Qe8# 1-0

[Event "IV Memorial Salvatore Nobile"]
[Site "Roma ITA"]
[Date "2011.02.24"]
[Round "7"]
[White "Battistelli, Alessandro"]
[Black "Quimi, Marco"]
[Result "1-0"]
[WhiteElo "1849"]
[BlackElo "2114"]
[PlyCount "70"]
[EventDate "2011.01.13"]

1. d4 Nf6 2. c4 c5 3. d5 b5 4. cxb5 a6 5. b6 g6 6. Nc3 Bg7 7. e4 d6 8. Nf3 O-O
9. Nd2 Nbd7 10. Nc4 Nxb6 11. Ne3 e6 12. dxe6 Bxe6 13. Be2 d5 14. exd5 Nbxd5 15.
Nexd5 Nxd5 16. O-O Nf4 17. Qc2 Nxe2+ 18. Qxe2 Re8 19. Rd1 Qb6 20. Qc2 Red8 21.
Rxd8+ Rxd8 22. Nd1 Bf5 23. Qe2 Qb5 24. Qe1 Re8 25. Be3 c4 26. Qd2 Be6 27. Nc3
Qb7 28. h3 Rb8 29. Bh6 Bf6 30. Qf4 Bh8 31. Ne4 Bf5 32. Nd6 Qxb2 33. Re1 Qb4 34.
Re3 Qb1+ 35. Kh2 Qxa2 1-0

[Event "IV Memorial Salvatore Nobile"]
[Site "Roma ITA"]
[Date "2011.02.24"]
[Round "7"]
[White "Maurizio, Antonio"]
[Black "Catalini, Giampiero"]
[Result "1-0"]
[WhiteElo "1898"]
[BlackElo "1953"]
[PlyCount "45"]
[EventDate "2011.01.13"]

1. d4 d5 2. c4 dxc4 3. Nf3 a6 4. a4 c5 5. e3 cxd4 6. exd4 Nf6 7. Bxc4 e6 8. Nc3
Be7 9. O-O O-O 10. Qe2 Nc6 11. Rd1 Nd5 12. Ne5 Bf6 13. Nxc6 bxc6 14. Ne4 Rb8
15. Bxd5 cxd5 16. Bf4 Rb6 17. Nc5 Rc6 18. b4 Qb6 19. Qd2 Re8 20. b5 axb5 21.
axb5 Bxd4 22. Qxd4 Rxc5 23. Be3 1-0

[Event "IV Memorial Salvatore Nobile"]
[Site "Roma ITA"]
[Date "2011.02.24"]
[Round "7"]
[White "Minikh, Edouard"]
[Black "Russo, Roberto"]
[Result "1-0"]
[WhiteElo "1920"]
[BlackElo "1872"]
[PlyCount "111"]
[EventDate "2011.01.13"]

1. d4 d5 2. c4 dxc4 3. Nf3 Nf6 4. Nc3 a6 5. e3 b5 6. a4 b4 7. Na2 e6 8. Bxc4
Bb7 9. O-O Be7 10. a5 c5 11. dxc5 Qxa5 12. Bd2 Qxc5 13. Rc1 Qh5 14. Bxb4 Bxb4
15. Nxb4 O-O 16. Be2 Qa5 17. Nc2 Nc6 18. Ncd4 Nxd4 19. Qxd4 Rfd8 20. Qc3 Qxc3
21. Rxc3 Rac8 22. Ra3 Rc2 23. Bxa6 Bxa6 24. Rxa6 Rxb2 25. Ra7 Rdb8 26. Ne5 R2b7
27. Ra4 Rb4 28. Rxb4 Rxb4 29. Rc1 Kf8 30. Rc8+ Ke7 31. f4 Rb7 32. Rc4 Nd7 33.
Nc6+ Kd6 34. Nd8 Rb1+ 35. Kf2 Ke7 36. Nc6+ Kd6 37. Nd4 g6 38. Rc6+ Ke7 39. Rc7
Kd8 40. Ra7 Rc1 41. g4 Rc7 42. Ra8+ Rc8 43. Ra2 Rc5 44. Ra6 Kc7 45. Ra7+ Kd8
46. g5 e5 47. Nf3 exf4 48. exf4 Rc7 49. Ra8+ Rc8 50. Ra5 Rc5 51. Ra6 Ke7 52.
Ra7 Kd8 53. h4 Rc2+ 54. Kg3 Rc3 55. Kg4 Rc4 56. Rxd7+ 1-0

[Event "IV Memorial Salvatore Nobile"]
[Site "Roma ITA"]
[Date "2011.02.24"]
[Round "7"]
[White "Castellano, Lorenzo"]
[Black "Ricci, Stefano"]
[Result "1-0"]
[WhiteElo "1874"]
[BlackElo "1518"]
[PlyCount "65"]
[EventDate "2011.01.13"]

1. e4 Nf6 2. Nc3 e5 3. Nf3 Bb4 4. Bc4 Bxc3 5. dxc3 Qe7 6. Bg5 d6 7. h3 Be6 8.
Qe2 Nbd7 9. Rd1 Bxc4 10. Qxc4 O-O-O 11. Qa4 a6 12. b4 Nb6 13. Qb3 Qe6 14. Nd2
Qxb3 15. cxb3 d5 16. Bxf6 gxf6 17. O-O Rhg8 18. f4 dxe4 19. Nxe4 Rxd1 20. Rxd1
f5 21. Nf6 Rg3 22. fxe5 Rxc3 23. Rf1 Nd7 24. Rxf5 Nxf6 25. Rxf6 Kd7 26. Rxf7+
Ke6 27. Rxh7 Kxe5 28. Rf7 Rc1+ 29. Rf1 Rc2 30. Rf2 Rc1+ 31. Kh2 c5 32. bxc5
Rxc5 33. g4 1-0

[Event "IV Memorial Salvatore Nobile"]
[Site "Roma ITA"]
[Date "2011.02.24"]
[Round "7"]
[White "Baruffaldi, Giuseppe"]
[Black "Condemi De Felice, Alfonso"]
[Result "1/2-1/2"]
[WhiteElo "1836"]
[BlackElo "1904"]
[PlyCount "83"]
[EventDate "2011.01.13"]

1. d4 g6 2. e4 Bg7 3. Nf3 d6 4. c3 Nf6 5. Qd3 O-O 6. Be2 b6 7. Bg5 Bb7 8. Nbd2
Nbd7 9. h3 Qe8 10. Nh2 e5 11. Bf3 exd4 12. cxd4 Nxe4 13. Bxe4 d5 14. Qe3 dxe4
15. Bh6 Nf6 16. Ng4 Nd5 17. Bxg7 Nxe3 18. Nf6+ Kxg7 19. Nxe8+ Rfxe8 20. fxe3
Bd5 21. b3 a5 22. Rc1 c6 23. Nc4 b5 24. Nb6 Rad8 25. Nxd5 cxd5 26. Kd2 Rc8 27.
Ke2 f5 28. h4 Kf6 29. Rhd1 Ke6 30. g3 Kd7 31. Kd2 Rxc1 32. Rxc1 Rc8 33. a4 Rxc1
34. Kxc1 bxa4 35. bxa4 h6 36. Kd1 g5 37. Ke2 Ke6 38. Kf2 Kf6 39. Kg2 Kg6 40.
hxg5 hxg5 41. Kh2 f4 42. g4 1/2-1/2

[Event "IV Memorial Salvatore Nobile"]
[Site "Roma ITA"]
[Date "2011.02.24"]
[Round "7"]
[White "Andreozzi, Paolo"]
[Black "Prudenzano, Ruggero"]
[Result "0-1"]
[WhiteElo "1718"]
[BlackElo "1954"]
[PlyCount "88"]
[EventDate "2011.01.13"]

1. d4 Nf6 2. c4 c5 3. d5 b5 4. cxb5 a6 5. Nc3 axb5 6. a4 b4 7. Nb5 d6 8. e3 Bb7
9. Bc4 e6 10. Be2 Bxd5 11. Nf3 Be7 12. h3 Qb6 13. O-O O-O 14. b3 Nc6 15. Nd2
Ne5 16. Bb2 Ng6 17. Bf3 Bxf3 18. Qxf3 d5 19. e4 Rfd8 20. e5 Ne8 21. Rac1 Rdc8
22. Qg3 Qb8 23. f4 c4 24. Bd4 Nh4 25. Nd6 Nxd6 26. exd6 Nf5 27. Qf2 Bh4 28. g3
Bxg3 29. Qg2 Nxd4 30. d7 Rd8 31. bxc4 Rxd7 32. Nf3 Bxf4 33. Rcd1 Nxf3+ 34. Rxf3
Qa7+ 35. Kh1 Qxa4 36. Rfd3 g5 37. Rf1 Qa2 38. Qg1 Qxc4 39. Rdf3 e5 40. Rxf4
exf4 41. Qxg5+ Kf8 42. Re1 Qc6 43. Qe5 d4+ 44. Kh2 Ra2+ 0-1

[Event "IV Memorial Salvatore Nobile"]
[Site "Roma ITA"]
[Date "2011.02.24"]
[Round "7"]
[White "Di Carlo, Adriano"]
[Black "Bogosaljevic, Miodrag"]
[Result "1-0"]
[WhiteElo "1765"]
[BlackElo "1898"]
[PlyCount "51"]
[EventDate "2011.01.13"]

1. e4 c5 2. c3 d5 3. exd5 Qxd5 4. d4 e6 5. Na3 cxd4 6. Nb5 Qd8 7. Bf4 Na6 8.
Nf3 Nf6 9. Nbxd4 Bd6 10. Nxe6 Bxe6 11. Qxd6 Qxd6 12. Bxd6 Rd8 13. Bb5+ Nd7 14.
O-O-O f6 15. Nd4 Kf7 16. Nxe6 Kxe6 17. Bc4+ Kf5 18. f4 Nac5 19. g4+ Kg6 20. h4
h6 21. f5+ Kh7 22. g5 Rde8 23. gxf6 gxf6 24. Bb5 a6 25. Bxd7 Nxd7 26. Bc7 1-0

[Event "IV Memorial Salvatore Nobile"]
[Site "Roma ITA"]
[Date "2011.02.24"]
[Round "7"]
[White "Luigi, Rinaldo"]
[Black "Palocci, Claudio"]
[Result "1/2-1/2"]
[WhiteElo "1766"]
[BlackElo "1580"]
[PlyCount "90"]
[EventDate "2011.01.13"]

1. e4 c5 2. Nf3 e6 3. d4 cxd4 4. Nxd4 a6 5. Nc3 Nc6 6. Nb3 d6 7. Be3 Nf6 8. Be2
Be7 9. O-O O-O 10. f4 Qc7 11. Qe1 b5 12. a3 Bb7 13. Rc1 Rac8 14. Qg3 Rfd8 15.
f5 e5 16. Bh6 Bf8 17. Bg5 Be7 18. Bxf6 Bxf6 19. Nd5 Nd4 20. Nxf6+ Kh8 21. Nxd4
gxf6 22. Nb3 Bxe4 23. Qh4 Qe7 24. Kh1 Bxg2+ 25. Kxg2 Rg8+ 26. Kh1 Rg5 27. Qf2
Qd7 28. Bd3 Rcg8 29. Qf3 d5 30. Qh3 Qb7 31. Nd2 e4 32. Be2 Qb6 33. c3 a5 34.
Nb3 b4 35. axb4 axb4 36. Nd4 bxc3 37. Qxc3 Qd6 38. Qe3 Rg2 39. Qh3 Qb4 40. Qe3
Qd6 41. Qf4 Rg1+ 42. Rxg1 Rxg1+ 43. Kxg1 Qxf4 44. Rd1 Qe3+ 45. Kf1 Qh3+ 1/2-1/2

[Event "IV Memorial Salvatore Nobile"]
[Site "Roma ITA"]
[Date "2011.02.24"]
[Round "7"]
[White "Bolla, Vittorio"]
[Black "Di Dario, Dario"]
[Result "1/2-1/2"]
[WhiteElo "1782"]
[BlackElo "1711"]
[PlyCount "111"]
[EventDate "2011.01.13"]

1. e4 e5 2. Nf3 Nc6 3. Bb5 Nf6 4. O-O Nxe4 5. d4 Nd6 6. Bxc6 dxc6 7. dxe5 Nf5
8. Qxd8+ Kxd8 9. Bg5+ Ke8 10. Nc3 h6 11. Bd2 Be6 12. Rad1 Rd8 13. Bc1 Bc5 14.
Na4 Bb4 15. c3 Bf8 16. b3 c5 17. Rxd8+ Kxd8 18. Rd1+ Kc8 19. c4 Nd4 20. Nxd4
cxd4 21. Rxd4 Bf5 22. Bd2 c5 23. Rf4 g6 24. g4 Be6 25. Re4 b6 26. h3 h5 27. Kg2
hxg4 28. hxg4 Be7 29. f3 Rd8 30. Re2 Rd3 31. Nc3 a6 32. Ne4 Bd7 33. Bg5 Bxg5
34. Nxg5 Bc6 35. Kf2 Kd7 36. Ne4 Bxe4 37. Rxe4 Rd2+ 38. Re2 Rd4 39. Ke3 g5 40.
Rh2 Ke6 41. Rh6+ Kxe5 42. Rxb6 Rd6 43. Rxd6 Kxd6 44. Ke4 Ke6 45. f4 f6 46. Kf3
a5 47. a3 Kd6 48. Ke4 Ke6 49. a4 gxf4 50. Kxf4 Ke7 51. Ke3 Kd6 52. Kf4 Ke6 53.
Ke4 Kd6 54. Kf5 Ke7 55. g5 fxg5 56. Kxg5 1/2-1/2

[Event "IV Memorial Salvatore Nobile"]
[Site "Roma ITA"]
[Date "2011.02.24"]
[Round "7"]
[White "Chianura, Mimmo"]
[Black "Casella, Carlo"]
[Result "1-0"]
[WhiteElo "1667"]
[BlackElo "1691"]
[PlyCount "59"]
[EventDate "2011.01.13"]

1. e4 c5 2. Nf3 a6 3. d4 cxd4 4. Nxd4 e5 5. Nf3 Nf6 6. Bg5 Nc6 7. Nc3 Bb4 8.
Bc4 Bxc3+ 9. bxc3 h6 10. Bxf6 Qxf6 11. O-O O-O 12. Qd5 d6 13. Rad1 Be6 14. Qd3
Bxc4 15. Qxc4 Rfd8 16. Rd3 Rac8 17. Qb3 Rc7 18. Rfd1 Rcd7 19. g3 g5 20. Nd2 Qe6
21. Nc4 b5 22. Nb6 Rb7 23. Nd5 Kg7 24. Qa3 a5 25. Ne3 Kg6 26. Rxd6 Rxd6 27.
Rxd6 b4 28. Rxe6+ fxe6 29. cxb4 axb4 30. Qa6 1-0

[Event "IV Memorial Salvatore Nobile"]
[Site "Roma ITA"]
[Date "2011.02.24"]
[Round "7"]
[White "Crucioli, Marco"]
[Black "Nazzarri, Errico"]
[Result "1-0"]
[WhiteElo "1592"]
[BlackElo "1362"]
[PlyCount "77"]
[EventDate "2011.01.13"]

1. e4 e5 2. d3 Nf6 3. Ne2 Nc6 4. Ng3 d5 5. Nd2 Be6 6. c3 Qd7 7. Be2 O-O-O 8.
O-O Kb8 9. b4 d4 10. b5 Ne7 11. c4 Nc8 12. Nb3 c5 13. bxc6 Qxc6 14. f4 Bd6 15.
f5 Bd7 16. Bg5 h6 17. Bh4 Be7 18. Qc2 g5 19. fxg6 fxg6 20. Bxf6 Bxf6 21. Rab1
b6 22. c5 Ka8 23. Rfc1 h5 24. Qd2 Qb5 25. Nxd4 Qa6 26. c6 exd4 27. cxd7 Rxd7
28. Qf4 Rf8 29. e5 Bg7 30. Bf3+ Kb8 31. Qe4 Rxf3 32. Qxf3 Bxe5 33. Rb2 Bxg3 34.
Qxg3+ Ka8 35. Qxg6 Kb8 36. Rbc2 Rd8 37. Qf6 Qxd3 38. Qxd8 Qe3+ 39. Kh1 1-0

[Event "IV Memorial Salvatore Nobile"]
[Site "Roma ITA"]
[Date "2011.02.24"]
[Round "7"]
[White "Cannavo', Giuseppe"]
[Black "Dorascenzi, Angelo"]
[Result "1-0"]
[WhiteElo "1317"]
[BlackElo "1404"]
[PlyCount "113"]
[EventDate "2011.01.13"]

1. e4 c5 2. Nf3 e6 3. Nc3 a6 4. d4 cxd4 5. Nxd4 Qc7 6. Bd2 d6 7. h3 Nf6 8. Bd3
Be7 9. O-O b5 10. Nf3 Bb7 11. Qe1 O-O 12. Rc1 Re8 13. Bg5 h6 14. Bh4 Nbd7 15.
Bxf6 Bxf6 16. Qe3 Bxc3 17. bxc3 Qxc3 18. Qe1 Qxe1 19. Rfxe1 Nc5 20. Kh2 Rac8
21. Nd2 Rc7 22. Nb3 Rec8 23. f3 Nxb3 24. cxb3 Kh8 25. Red1 f6 26. Re1 e5 27. g4
d5 28. exd5 Bxd5 29. Bf5 Be6 30. Bxe6 Rc2+ 31. Rxc2 Rxc2+ 32. Kg3 Rd2 33. Bf5
Rd8 34. Bg6 Kg8 35. Rc1 Kf8 36. Rc6 a5 37. Rc5 a4 38. Rxb5 axb3 39. Rxb3 Rd4
40. Rb7 Rd1 41. Rb8+ Ke7 42. Rb7+ Kf8 43. Rb8+ Ke7 44. Rg8 Rg1+ 45. Kh2 Rf1 46.
Rxg7+ Ke6 47. Bf7+ Kd6 48. Kg2 Rc1 49. Rg6 Ke7 50. Bb3 Rc3 51. Bd5 Kd6 52. Be4
Ke7 53. Rxh6 Kf7 54. Rg6 Rc8 55. h4 Rg8 56. Rh6 Ke7 57. h5 1-0